Датчик линейных перемещений; Электротехника, электромеханика и электротехнологии

Podrobná bibliografie
Parent link:Электротехника, электромеханика и электротехнологии.— 2005.— С. 179-182
Hlavní autor: Макеев К. С.
Další autoři: Богданов Е. П. (научный руководитель)
Jazyk:ruština
Vydáno: 2005
Témata:
Médium: MixedMaterials Kapitola
KOHA link:https://koha.lib.tpu.ru/cgi-bin/koha/opac-detail.pl?biblionumber=129080

MARC

LEADER 00000naa2a2200000 4500
001 129080
005 20231031133155.0
035 |a (RuTPU)RU\TPU\book\139675 
090 |a 129080 
100 |a 20080118d2005 k y0rusy50 ca 
101 0 |a rus 
102 |a RU 
200 1 |a Датчик линейных перемещений  |f К. С. Макеев  |g науч. рук. Е. П. Богданов 
463 0 |0 (RuTPU)RU\TPU\book\118365  |t Электротехника, электромеханика и электротехнологии  |o труды пятой региональной научно-практической студенческой конференции, Томск, 7-10 июня 2005 г.  |f Томский политехнический университет; Электротехнический институт  |v С. 179-182  |d 2005  |p 296 с. 
610 1 |a датчики 
610 1 |a линейные перемещения 
610 1 |a электроснабжение 
610 1 |a труды учёных ТПУ 
700 1 |a Макеев  |b К. С. 
702 1 |a Богданов  |b Е. П.  |4 727 
801 1 |a RU  |b 63413507  |c 20080118  |g PSBO 
801 2 |a RU  |b 63413507  |c 20091021  |g RCR 
942 |c BK